|
|
|
|
| LEADER |
01094nam a22002537a 4500 |
| 001 |
33717 |
| 003 |
BD-DhAAL |
| 005 |
20180911111314.0 |
| 008 |
180911t2018 bg s f000 0 eng d |
| 999 |
|
|
|c 40002
|d 40002
|
| 010 |
|
|
|a 2008324451
|
| 040 |
|
|
|a DLC
|c DLC
|d BD-DhAAL
|d BD-DhAAL
|
| 082 |
0 |
0 |
|a 354.5492
|2 22
|
| 245 |
0 |
0 |
|a Medium term budget framework, 2018-19 to 2020-21.
|
| 260 |
|
|
|a Dhaka :
|b Finance Division, Ministry of Finance, Government of the People's Republic of Bangladesh,
|c 2018
|
| 300 |
|
|
|a 815 pages :
|c illustrations ;
|b 28 cm.
|
| 526 |
|
|
|a AAL
|
| 541 |
1 |
|
|e 33717
|a Development Book Agency
|
| 650 |
|
0 |
|a Budget
|z Bangladesh
|x Departments.
|9 3785
|
| 651 |
|
0 |
|a Bangladesh
|x Appropriations and expenditures.
|9 218
|
| 710 |
1 |
|
|a Government of the People's Republic of Bangladesh
|b Finance Division, Ministry of Finance
|9 3786
|
| 852 |
4 |
|
|a Ayesha Abed Library
|j General Stacks
|
| 942 |
|
|
|2 ddc
|c BK
|
| 952 |
|
|
|0 0
|1 0
|2 ddc
|4 0
|6 354_549200000000000_MED
|7 0
|9 64286
|a BRACUL
|b BRACUL
|c GEN
|d 2018-08-28
|e Development Book Agency
|g 400.00
|l 0
|o 354.5492 MED
|p 3010033717
|r 2018-08-28
|t 1
|v 400.00
|w 2018-08-28
|y BK
|